<?xml version="1.0" encoding="UTF-8"?>
<record
    xmlns:xsi="http://www.w3.org/2001/XMLSchema-instance"
    xsi:schemaLocation="http://www.loc.gov/MARC21/slim http://www.loc.gov/standards/marcxml/schema/MARC21slim.xsd"
    xmlns="http://www.loc.gov/MARC21/slim">

  <leader>02113nam a2200373 a 4500</leader>
  <controlfield tag="001">000034293</controlfield>
  <controlfield tag="005">20200120222226.0</controlfield>
  <controlfield tag="008">080801s1998    sp     br     000 f spa d</controlfield>
  <datafield tag="020" ind1=" " ind2=" ">
    <subfield code="a">9788420789880.</subfield>
  </datafield>
  <datafield tag="090" ind1=" " ind2=" ">
    <subfield code="a">N</subfield>
    <subfield code="b">ZAFp</subfield>
  </datafield>
  <datafield tag="100" ind1="0" ind2=" ">
    <subfield code="a">Zafra, Jos&#xE9;,</subfield>
    <subfield code="d">1962-.</subfield>
  </datafield>
  <datafield tag="245" ind1="1" ind2="3">
    <subfield code="a">El palacio de papel /</subfield>
    <subfield code="c">Jos&#xE9; Zafra ; ilustraci&#xF3;n : Emilio Urberuaga.</subfield>
  </datafield>
  <datafield tag="250" ind1=" " ind2=" ">
    <subfield code="a">1a. ed.</subfield>
  </datafield>
  <datafield tag="260" ind1=" " ind2=" ">
    <subfield code="a">Madrid (Espa&#xF1;a) :</subfield>
    <subfield code="b">Anaya,</subfield>
    <subfield code="c">1998.</subfield>
  </datafield>
  <datafield tag="300" ind1=" " ind2=" ">
    <subfield code="a">112 p. :</subfield>
    <subfield code="b">il.</subfield>
    <subfield code="e">+ 1 anexo (Libro de actividades)</subfield>
  </datafield>
  <datafield tag="490" ind1="0" ind2=" ">
    <subfield code="a">Sopa de libros</subfield>
    <subfield code="v">26</subfield>
  </datafield>
  <datafield tag="500" ind1=" " ind2=" ">
    <subfield code="a">Incluye informaci&#xF3;n bogr&#xE1;fica del autor e ilustrador al final del texto.</subfield>
  </datafield>
  <datafield tag="500" ind1=" " ind2=" ">
    <subfield code="a">Audiencia : recomendado a partir de 8 a&#xF1;os.</subfield>
  </datafield>
  <datafield tag="500" ind1=" " ind2=" ">
    <subfield code="a">Ej. 8 Biblioteca Colegio Cuidadela : Reposici&#xF3;n del libro Destino Nueva York con c&#xF3;digo de barras no. 012028108.</subfield>
  </datafield>
  <datafield tag="500" ind1=" " ind2=" ">
    <subfield code="a">Ejs. 1 al 5 de Biblioteca Colegio Ciudadela : Plan Lector 2008.</subfield>
  </datafield>
  <datafield tag="500" ind1=" " ind2=" ">
    <subfield code="a">Ejs. 6 y 7 de Biblioteca Colegio Ciudadela : Plan Lector, 2009.</subfield>
  </datafield>
  <datafield tag="500" ind1=" " ind2=" ">
    <subfield code="a">Ejs. 1 y 2 de Biblioteca Colegio Chical&#xE1; : Plan Lector, 2009.</subfield>
  </datafield>
  <datafield tag="500" ind1=" " ind2=" ">
    <subfield code="a">Ejs. 6 y 7 de Biblioparque de Funza : 14a. impr. 2009.</subfield>
  </datafield>
  <datafield tag="500" ind1=" " ind2=" ">
    <subfield code="a">Ejs. 8 al 11 de Biblioparque de Funza : 14a. impr. 2009, pertenece a la colecci&#xF3;n Maletines Viajeros, 2013.</subfield>
  </datafield>
  <datafield tag="500" ind1=" " ind2=" ">
    <subfield code="a">Material con c&#xF3;digo JEC es adquirido con recursos foni&#xF1;ez - Jornada Escolar Colsubsidio</subfield>
  </datafield>
  <datafield tag="520" ind1="3" ind2=" ">
    <subfield code="a">"En la biblioteca de un viejo caser&#xF3;n vive una familia de ratones. All&#xED;, en la Enciclopedia, donde &#xAB;comen lo que leen y leen lo que comen&#xBB;, parece como si las palabras se transformaran en cosas. Un buen d&#xED;a aparece Justino, un rat&#xF3;n de campo, que habita en un maizal y cuenta c&#xF3;mo es el mundo de afuera. Entonces Idolina, la hija, empezar&#xE1; a sentir algo especial que le llevar&#xE1; a tomar una importante decisi&#xF3;n...".</subfield>
  </datafield>
  <datafield tag="650" ind1="1" ind2="7">
    <subfield code="a">Novela infantil.</subfield>
    <subfield code="2">LEMB</subfield>
  </datafield>
  <datafield tag="650" ind1="2" ind2="7">
    <subfield code="a">Literatura infantil.</subfield>
    <subfield code="2">LEMB</subfield>
  </datafield>
  <datafield tag="650" ind1="2" ind2="7">
    <subfield code="a">Literatura espa&#xF1;ola.</subfield>
    <subfield code="2">LEMB</subfield>
  </datafield>
  <datafield tag="650" ind1="2" ind2="7">
    <subfield code="a">Animales en la literatura.</subfield>
    <subfield code="2">LEMB</subfield>
  </datafield>
  <datafield tag="650" ind1="2" ind2="7">
    <subfield code="a">Aventuras en la literatura.</subfield>
    <subfield code="2">LEMB</subfield>
  </datafield>
  <datafield tag="700" ind1="1" ind2=" ">
    <subfield code="a">Urberuaga, Emilio,</subfield>
    <subfield code="d">1954-,</subfield>
    <subfield code="e">il.</subfield>
  </datafield>
  <datafield tag="901" ind1=" " ind2=" ">
    <subfield code="a">Compra, Distribuidora Colsubsidio, 2008, $31.900.</subfield>
  </datafield>
  <datafield tag="999" ind1=" " ind2=" ">
    <subfield code="c">1956</subfield>
    <subfield code="d">1956</subfield>
  </datafield>
  <datafield tag="952" ind1=" " ind2=" ">
    <subfield code="0">0</subfield>
    <subfield code="1">0</subfield>
    <subfield code="2">ddc</subfield>
    <subfield code="4">0</subfield>
    <subfield code="7">0</subfield>
    <subfield code="8">LI</subfield>
    <subfield code="a">BPMOS</subfield>
    <subfield code="b">BPMOS</subfield>
    <subfield code="d">2020-01-20</subfield>
    <subfield code="i">113108</subfield>
    <subfield code="l">6</subfield>
    <subfield code="m">3</subfield>
    <subfield code="o">N ZAFp</subfield>
    <subfield code="p">MOS006953</subfield>
    <subfield code="r">2024-08-31</subfield>
    <subfield code="s">2024-06-22</subfield>
    <subfield code="t">ej.1</subfield>
    <subfield code="w">2020-01-20</subfield>
    <subfield code="y">BKLIT</subfield>
    <subfield code="z">Quince d&#xED;as</subfield>
  </datafield>
  <datafield tag="952" ind1=" " ind2=" ">
    <subfield code="0">0</subfield>
    <subfield code="1">0</subfield>
    <subfield code="2">ddc</subfield>
    <subfield code="4">0</subfield>
    <subfield code="7">0</subfield>
    <subfield code="8">LI</subfield>
    <subfield code="a">BPMOS</subfield>
    <subfield code="b">BPMOS</subfield>
    <subfield code="d">2020-01-20</subfield>
    <subfield code="i">NT</subfield>
    <subfield code="l">0</subfield>
    <subfield code="o">N ZAFp</subfield>
    <subfield code="o">anx.1 ej.1</subfield>
    <subfield code="p">MOS006954</subfield>
    <subfield code="r">2020-01-20</subfield>
    <subfield code="w">2020-01-20</subfield>
    <subfield code="y">BKLIT</subfield>
    <subfield code="z">Quince d&#xED;as</subfield>
  </datafield>
</record>
